| 000 | 00333nam a2200121Ia 4500 | ||
|---|---|---|---|
| 008 | 220204s9999 xx 000 0 und d | ||
| 082 |
_a577.218 _bBRO |
||
| 100 | _aBROOKBANK, John W | ||
| 245 | 0 | _aDevelopmental biology: Embroys,plants and regeneration. | |
| 260 |
_aNew York _bHarper &Row _c1978 |
||
| 650 | _aEmbryology | ||
| 942 | _cBK | ||
| 999 |
_c29705 _d29705 |
||